000 00298nam a22001337a 4500
008 170608b xxu||||| |||| 00| 0 eng d
020 _a9780070157996
041 _aeng
080 _23RD
_a94(7/8)
100 _a18
101 _aSHH
245 _aNATION OF NATIONS
_cDAVIDSON,J.W
942 _2udc
_cBK
999 _c16579
_d16579